Dernières villes de France libérées - Statistiques

Statistiques générales
  • Ce quiz a été pris 106 fois
  • Le résultat moyen est 8 sur 15
Statistiques - réponses
Date de libération Ville % Correct
23 novembre 1944 Strasbourg
91%
22 novembre 1944 Metz
84%
19 septembre 1944 Nancy
82%
2 février 1945 Colmar
80%
21 novembre 1944 Mulhouse
74%
20 novembre 1944 Belfort
50%
18 septembre 1944 Brest
47%
24 septembre 1944 Epinal
42%
10 mai 1945 Lorient
41%
9 mai 1945 Dunkerque
40%
8 mai 1945 La Rochelle
39%
11 mai 1945 Saint-Nazaire
38%
30 septembre 1944 Calais
36%
16 mars 1945 Haguenau
35%
19 septembre 1944 Boulogne-sur-Mer
18%
Aucun quiz correspondant
Distribution des résultats
% des personnes avec chaque résultat
Percentile par nombre de réponses
Votre historique - résultats
Vous n’avez pas pris ce quiz